Music Quiz

Random Music or Kpop Quiz
Score 0/125 Timer 05:00
0 Plays Today
% Correct
D.O
96.8%
Chan
95.6%
Min
95.1%
Chen
94.4%
Mark
93.7%
Mark
93.7%
Kai
93.3%
Suho
92.9%
Sehun
92.9%
Chanyeol
92.6%
Jin
92.1%
Baekhyun
91.7%
Xiumin
91.5%
Lay
91%
Jackson
88.3%
JB
87.8%
Bambam
87.1%
Jinyoung
85.7%
Rap Monster
85.1%
Taeyeon
84.9%
Jimin
84.9%
Jungkook
84%
Suga
83.5%
Heechul
83.3%
J-Hope
81.9%
Momo
81.8%
Yugyeom
81.8%
Youngjae
81.6%
Jae
80.5%
Sunny
80.1%
Tiffany
80.1%
Taeyong
79.5%
Shownu
78.9%
I.M
78.9%
Leeteuk
77.3%
Sana
77.1%
Minho
76.6%
Yoona
76.2%
Tzuyu
76.1%
Taemin
76%
Onew
74.9%
Key
74.6%
% Correct
Irene
74.6%
Yuri
74.4%
Siwon
74.2%
Bobby
74.2%
Minhyuk
74.1%
Joy
74.1%
Lisa
73.7%
Wonho
73.3%
Mina
73.2%
B.I
72.8%
Rosé
72.2%
Wendy
72.1%
Jihyo
71.9%
Kihyun
71.5%
Jooheon
71.4%
Jisoo
71.1%
Seulgi
71%
V
70.8%
Jonghyun
70.8%
Jennie
70.7%
Nayeon
70.1%
Yeri
69.7%
Amber
69.4%
G-Dragon
69.2%
Dahyun
69.1%
Taeil
69%
Sooyoung
68.3%
Johnny
68.2%
Seohyun
68.2%
T.O.P
67.6%
Hyoyeon
67.5%
Ten
67.2%
Shindong
67%
Kyuhyun
66.8%
Hyungwon
66.8%
Taeyang
65.9%
Donghae
65.5%
Yuta
65.2%
Krystal
64.1%
Seungri
64%
Daesung
63.4%
Eunhyuk
63%
% Correct
Winwin
62.8%
Jisung
62.6%
Jaehyun
62.2%
Mino
62.1%
Ryeowook
61.8%
Chenle
61.3%
Haechan
61%
Doyoung
60.4%
Taecyeon
60.4%
Chaeyoung
60.3%
Yesung
59.4%
Victoria
59.3%
Luna
58.5%
Kangin
57.7%
Jeno
56.7%
Jeongyeon
56.6%
Junho
55.3%
Jaemin
54.7%
Renjun
54.3%
Jun.k
53.3%
Suzy
53.2%
Sungmin
52.8%
Ju-ne
52.7%
Jay
51.6%
Wonpil
49.6%
Jinwoo
49%
Young K
48.6%
DK
48.3%
Seungyoon
47.8%
Seunghoon
47.1%
Fei
47.1%
Wooyoung
47%
Nichkhun
46.9%
Max
44.4%
Song
44.3%
Chansung
42.7%
U-Know
40.4%
Dowoon
39.9%
Sungjin
37.3%
Suhyun
34.7%
Chanhyuk
32.3%
Remove Ads.
Support Sporcle.
Get the best of Sporcle when you Go Orange. This ad-free experience offers more features, more stats, and more fun while also helping to support Sporcle. Thank you for becoming a member.

You're not logged in!

Compare scores with friends on all Sporcle quizzes.
OR
Log In

Sporcle TV

Today on Sporcle TV


Watch our educational content, quiz creation guides, and fun videos on Sporcle TV.

Show Comments

Extras

Created Sep 15, 2017ReportNominate
Tags:Kpop Quiz, Kpop Idol, Kpop Quiz

Top Quizzes Today


Score Distribution

Paid Content

Your Account Isn't Verified!

In order to create a playlist on Sporcle, you need to verify the email address you used during registration. Go to your Sporcle Settings to finish the process.

Report this User

Report this user for behavior that violates our Community Guidelines.

Details: